Black Water Sister (Record no. 9544)

MARC details
000 -LEADER
fixed length control field 00348nam a22001457a 4500
008 - FIXED-LENGTH DATA ELEMENTS--GENERAL INFORMATION
fixed length control field 230411b |||||||| |||| 00| 0 eng d
020 ## - INTERNATIONAL STANDARD BOOK NUMBER
International Standard Book Number 9781509800018
082 ## - DEWEY DECIMAL CLASSIFICATION NUMBER
Classification number 813.54
100 ## - MAIN ENTRY--PERSONAL NAME
Personal name Zen Cho
245 ## - TITLE STATEMENT
Title Black Water Sister
260 ## - PUBLICATION, DISTRIBUTION, ETC.
Name of publisher, distributor, etc. Pan Macmillan,
Date of publication, distribution, etc. 2022
300 ## - PHYSICAL DESCRIPTION
Extent 370 p.
Dimensions 20 cm
942 ## - Added entry Elements (Koha)
Source of classification or shelving scheme Dewey Decimal Classification
Holdings
Withdrawn status Lost status Source of classification or shelving scheme Damaged status Not for loan Collection code Home library Current library Shelving location Date acquired Serial Enumeration / chronology Total Checkouts Total Renewals Full call number Barcode Date last seen Date last checked out Price effective from Koha item type
    Dewey Decimal Classification     Fiction RTC Library RTC Library Fiction 11/04/2023 177408 1 2 FIC 813.54 CHO 30018552 30/06/2023 26/05/2023 11/04/2023 Fiction
Royal Thimphu College || All Right Reserved